| 000 | 00369nam a22001217a 4500 | ||
|---|---|---|---|
| 005 | 20260624152345.0 | ||
| 020 | _a9781009180542 | ||
| 082 | _a 327.101 4 ABB/I | ||
| 245 |
_aInformal governance in politics/ _cedited by Kenneth W.Abbott and Thomas J. Biersteker |
||
| 260 |
_a. -U K _b ; Cambridge University press _c, 2024 |
||
| 300 | _axvi+319 pages | ||
| 942 |
_2ddc _cREF |
||
| 999 |
_c761036 _d761036 |
||